000
00305nam a2200121Ia 4500
008
190802s9999 xx 000 0 und d
020
_a
978-1-4939-4472-9
100
_a
Dick Grune Kees van
245
0
_a
Modern Compiler Design
260
_a
New Delhi
_b
McGraw Hill
_c
2012
300
_a
822:p
942
_c
BK
999
_c
2331
_d
2331